| 000 | 003620000a22001570004500 | ||
|---|---|---|---|
| 003 | LK-CoMWRAF | ||
| 008 | 230817t ||||| |||| 00| 0 eng d | ||
| 040 |
_aLK-CoMWRAF _dLK-CoMWRAF _eLK-CoMWRAF |
||
| 041 | _aeng | ||
| 082 |
_a024 _bTAN |
||
| 245 |
_aThannanane _b |
||
| 260 |
_aBangalore _bKaavya _c1995 |
||
| 300 | _ap.284 | ||
| 650 | _aliterature | ||
| 942 | _cBK | ||
| 999 |
_c2831 _d2831 |
||